Score 0/8 Timer 01:00
4 Plays Today
Year Color % Correct
1941-1976, 1987-Red
99.5%
1941-Green
99.1%
1995-Blue
99%
1941-Yellow
98.9%
1941-Brown
96.7%
1976-Orange
95.9%
1941-1949Violet
89.5%
1949-1995Tan
23.6%
Remove Ads.
Support Sporcle.
Get the best of Sporcle when you Go Orange. This ad-free experience offers more features, more stats, and more fun while also helping to support Sporcle. Thank you for becoming a member.

You're not logged in!

Compare scores with friends on all Sporcle quizzes.
OR
Log In

Show Comments

Extras

Top Quizzes Today


Score Distribution

Your Account Isn't Verified!

In order to create a playlist on Sporcle, you need to verify the email address you used during registration. Go to your Sporcle Settings to finish the process.

Report this User

Report this user for behavior that violates our Community Guidelines.

Details: